Heterogeneity and dynamics of temporary equilibria short-run versus long-run stability

Salvato in:
Dettagli Bibliografici
Autore principale: Maret, Isabelle
Natura: Libro
Lingua:inglese
Pubblicazione: San Domenico (FI) European University Institute 1994
Serie:EUI Working paper ECO No. 94/22
Soggetti:
Tags: Aggiungi Tag
Nessun Tag, puoi essere il primo ad aggiungerne!!

MARC

LEADER 00000nam a2200000 4500
001 c142993
005 20221123112431.8
041 0 |a eng 
044 |a IT 
245 1 0 |a Heterogeneity and dynamics of temporary equilibria  |b short-run versus long-run stability  |c Isabelle Maret 
264 1 |a San Domenico (FI)  |b European University Institute  |c 1994 
300 |a 84 s. 
490 1 |a EUI Working paper ECO  |v No. 94/22 
830 0 |a EUI Working paper ECO  |v No. 94/22 
610 2 0 |a rovnováha 
610 2 0 |a čas 
610 2 0 |a domácnosti 
610 2 0 |a politika devízová 
610 2 0 |a dopyt 
610 2 0 |a modelovanie ekonometrické 
100 1 |a Maret, Isabelle